000 00585nam a2200169 a 4500
008 081120s2004 ||||||||||||||||| || u
020 _a0552154016
050 _aPS 3552 .R685434 D3
100 _aBrown, Dan
245 1 4 _aThe Da Vinci code
260 _aLondon
_bCorgi Books
_c2004
300 _a604p.
350 _a0.00
650 _aENGLISH LANGUAGE
650 _aLEONARDO, DA VINCI, 1452-1519 --APPRECIATION --FICTION
995 _D65000.00
_FCBU-MAIN LIBRARY (Kitwe)
_H1
_I0.00
_M1
_UAVAILABLE
_WNov 26, 2008
_ZFiction Collection
999 _c39360
_d39360